00269nam a22000977a 4500008004100000082001300041110002800054245004800082260003300130300000800163230621b xxu||||| |||| 00| 0 eng d a328bKNA bKenya National Assembly aReport from westminster to the Kenyan Bunge bState University of New York a30p